| 000 | 01085-am-a2200217-a-4500 | ||
|---|---|---|---|
| 001 | 000206618 | ||
| 003 | AM-YEHGA | ||
| 005 | 20250617164816.0 | ||
| 008 | 000423s1962 xxu 000 0 ger u | ||
| 020 | _c01.35 | ||
| 040 | _aAM-YeHGA | ||
| 100 | 1 | 0 | _aАлександрова, Е.Н. |
| 245 | 1 | 0 |
_aХрестоматия специальных текстов на немецком языке для студентов 2-го и 3-го курсов : _bФизика. Электроника. Радиотехника / _cСостав.: Е.Н. Александрова и др. ; М-во высш. и сред. спец. образ. РСФСР ; Ленинградский электротехнический ин-т им. В.И. Ульянова. |
| 260 | 0 |
_aЛ. : _bБ. и., _c1962. |
|
| 300 | _a352 с. | ||
| 650 | 4 | _aНемецкий язык - Синтаксис | |
| 700 | 1 | _aГорбенко, И.Н. | |
| 700 | 1 | _aОнопко, Г.М. | |
| 710 | 2 | _aЛенинградский электротехнический ин-т им. В.И. Ульянова | |
| 090 | _c568369 | ||
| 999 |
_c529883 _d529883 |
||